000
00399nam a22001577a 4500
003
MPLRDC
005
20220104144335.0
008
210129b ||||| |||| 00| 0 eng d
082
_a
857.9 MRC v.41
100
_a
马荣成、丹青编著
245
_a
风云. 第四十一册
_c
260
_a
_b
天地图书有限公司
_c
300
_b
平
650
_a
武侠小说
942
_c
BK
_o
857.9 MRC v.41
999
_c
48683
_d
48673